Компания Intel выпускает самый производительные и энергоэкономные в мире процессоры для мобильных ПК; Промышленные контроллеры АСУ; № 3

Detalles Bibliográficos
Parent link:Промышленные контроллеры АСУ: ежемесячный научно-технический производственный журнал.— , 2002-
№ 3.— 2002.— С. 29
Lenguaje:ruso
Publicado: 2002
Colección:Новости системостроения
Materias:
Formato: Capítulo de libro
KOHA link:https://koha.lib.tpu.ru/cgi-bin/koha/opac-detail.pl?biblionumber=383785

MARC

LEADER 00000naa2a2200000 4500
001 383785
005 20231101063151.0
035 |a (RuTPU)RU\TPU\prd\9701 
090 |a 383785 
100 |a 20030113a2002 k y0rusy50 ca 
101 0 |a rus 
102 |a RU 
200 1 |a Компания Intel выпускает самый производительные и энергоэкономные в мире процессоры для мобильных ПК 
225 1 |a Новости системостроения 
461 1 |0 (RuTPU)RU\TPU\prd\2287  |t Промышленные контроллеры АСУ  |o ежемесячный научно-технический производственный журнал  |d 2002- 
463 1 |0 (RuTPU)RU\TPU\prd\3321  |t № 3  |v С. 29  |d 2002 
610 1 |a процессоры 
610 1 |a мобильные ПК 
801 1 |a RU  |b 63413507  |c 20030113  |g PSBO 
942 |c BK